BUSINESS RISK AND SIMULATION MODELLING I (Record no. 26945)

MARC details
000 -LEADER
fixed length control field 00345nam a2200133Ia 4500
008 - FIXED-LENGTH DATA ELEMENTS--GENERAL INFORMATION
fixed length control field 240624s9999 xx 000 0 und d
041 ## - LANGUAGE CODE
Language code of text/sound track or separate title eng
082 ## - DEWEY DECIMAL CLASSIFICATION NUMBER
Classification number 658.15 REE
100 ## - MAIN ENTRY--PERSONAL NAME
Personal name REES MICHAEL
245 ## - TITLE STATEMENT
Title BUSINESS RISK AND SIMULATION MODELLING I
260 ## - PUBLICATION, DISTRIBUTION, ETC.
Date of publication, distribution, etc. 2015
Place of publication, distribution, etc. New Jersey
Name of publisher, distributor, etc. Wiley
300 ## - PHYSICAL DESCRIPTION
Extent xxv, : 438 : p. : cm. ; 25
365 ## - TRADE PRICE
Currency code
Price amount 30
Holdings
Withdrawn status Lost status Damaged status Not for loan Home library Current library Shelving location Date acquired Source of acquisition Cost, normal purchase price Full call number Barcode Date last seen Copy number Price effective from Koha item type
        IMTN IMTN Rack 24-A 03/10/2016 MB 100.00 658.15 REE 26945 06/24/2024 70.2 06/24/2024 Books
Designed & Maintained by: LRC IMT Nagpur Contact: lrc@imtnag.ac.in© 2024. All Rights Reserved.